| 000 | 00703nam a2200217 4500 | ||
|---|---|---|---|
| 999 |
_c74328 _d74328 |
||
| 001 | 13770 | ||
| 003 | OSt | ||
| 005 | 20210705132457.0 | ||
| 007 | tu | ||
| 008 | |||||||||||| ger | ||
| 040 | _cDE-2950 | ||
| 245 | 0 | 0 |
_aMärkischer Sonntag: _bDie lokale Anzeigenzeitung zum Wochenende |
| 247 |
_aMärkischer Sonntag _bDie aktuelle Anzeigenzeitung für Frankfurt (Oder) / Seelow |
||
| 264 |
_aFrankfurt (Oder) _bMärkisches Medienhaus |
||
| 365 | _c€ | ||
| 500 | _a2000, 2001, 2002, 2003, 2004, 2005, 2006, 2007, 2008, 2009, 2010, 2011, 2012, 2013, 2014, 2015, 2016, 2017, 2018, 2019, 2020 | ||
| 515 | _awöchentlich | ||
| 546 | _adeutsch | ||
| 650 | 0 | 4 | _aZeitung |
| 942 |
_2z _cZS |
||